000 00590nam a2200217Ia 4500
003 BUBTL
008 151213s9999 xx 000 0 und d
082 _a340/RAM
100 _aRahim, Abdur
_94150
245 _aThe Principles Of Muhammadan Jurisprudence
_cAbdur Rahim
250 _a1st
260 _aLahore Pakistan
_bP.L.D.Publisher
_cc1911
300 _a[xiii] , 443p . :
_b22cm.
500 _aIncludes Index
650 _aLaw
_94151
650 _aLaw
_94151
700 _aAbdur Rahim
_94152
856 _k0
_l0
_yDownload
942 _2ddc
_cBK
999 _c2456
_d2456